| 000 | 01293pam a2200313 a 4500 | ||
|---|---|---|---|
| 999 |
_c529195 _d529195 |
||
| 001 | 4870263 | ||
| 005 | 20190920175702.0 | ||
| 008 | 920916s1993 nyua b 001 0 eng | ||
| 010 | _a 92035582 | ||
| 020 | _a0070632375 | ||
| 040 |
_aDLC _cDLC _dDLC |
||
| 050 | 0 | 0 |
_aTD791 _b.T37 1993 |
| 082 | 0 | 0 |
_a363.7285 _220 _bTCH |
| 100 | 1 |
_aTchobanoglous, George. _94906 |
|
| 245 | 1 | 0 |
_aIntegrated solid waste management : _bengineering principles and management issues / _cGeorge Tchobanoglous, Hilary Theisen, Samuel Vigil. |
| 260 |
_aNew York : _bMcGraw-Hill, _cc1993. |
||
| 300 |
_axxi, 978 p. : _bill. ; _c25 cm. |
||
| 440 | 0 |
_aMcGraw-Hill series in water resources and environmental engineering _92106 |
|
| 504 | _aIncludes bibliographical references and indexes. | ||
| 650 | 0 |
_aRefuse and refuse disposal. _94787 |
|
| 650 | 0 |
_aHazardous wastes. _95367 |
|
| 700 | 1 |
_aTheisen, Hilary. _921042 |
|
| 700 | 1 |
_aVigil, S. A. _921043 |
|
| 856 | 4 | 2 |
_3Publisher description _uhttp://www.loc.gov/catdir/description/mh022/92035582.html |
| 856 | 4 | 1 |
_3Table of contents _uhttp://www.loc.gov/catdir/toc/mh021/92035582.html |
| 906 |
_a7 _bcbc _corignew _d1 _eocip _f19 _gy-gencatlg |
||
| 942 |
_2ddc _cBK |
||